| Tag |
First Indicator |
Second Indicator |
Subfields |
| LEADER |
00000cam a2200000 4500 |
| 001 |
in00000030860 |
| 005 |
20151007063046.0 |
| 008 |
750318m1944 nju 00000 eng u |
| 010 |
|
|
|a 44040224
|
| 035 |
|
|
|a (OCoLC)01221045
|
| 035 |
|
|
|9 AAD6452AM
|
| 040 |
|
|
|c ZHM
|d TXA
|d UtOrBLW
|
| 041 |
1 |
|
|a eng
|a mul
|
| 049 |
|
|
|a TXAM
|d [
|v =ser.]
|v 1 [247115]
|v 2 [215277]
|v 3 [219817]
|
| 050 |
0 |
0 |
|a PT7094
|b .S4
|
| 082 |
0 |
|
|a 839.5082
|
| 092 |
|
|
|a 839.508
|b S283
|
| 245 |
0 |
0 |
|a Scandinavian plays of the twentieth century.
|
| 264 |
|
1 |
|a Princeton :
|b Princeton University Press for the American-Scandinavian foundation, New York,
|c 1944-
|
| 300 |
|
|
|a volumes ;
|c 21 cm.
|
| 336 |
|
|
|a text
|b txt
|2 rdacontent
|
| 337 |
|
|
|a unmediated
|b n
|2 rdamedia
|
| 338 |
|
|
|a volume
|b nc
|2 rdacarrier
|
| 505 |
0 |
|
|a 1st ser. Introduction, by Alrik Gustafson. The gallows man: a midwinter story, by Runar Schildt. Mr. Sleeman is coming, by Hjalmar Bergman. The man without a soul, by Par Lagerkvist. Perhaps a poet, by Ragnar Josephson. 2d ser. Introduction, by Alrik Gustafson. The defeat: a play about the Paris commune, by Nordahl Grieg. The sounding shell, by Helge Krog. Niels Ebbesen, by Kaj Munk. Anna Sophie Hedvig, by Kjeld Abell.--3d ser. Introduction, by Alrik Gustafson. The Swedenhielms, by Hjalmar Bergman. Let man live, by Par lagerkvist. The condemned, by Stig Dagerman.
|
| 650 |
|
0 |
|a Scandinavian drama
|x Translations into English.
|
| 650 |
|
0 |
|a English drama
|x Translations from Scandinavian.
|
| 700 |
1 |
|
|a Gustafson, Alrik,
|d 1903-1970.
|
| 710 |
2 |
|
|a American-Scandinavian Foundation.
|
| 999 |
|
|
|a MARS
|
| 999 |
f |
f |
|s 229e03eb-2023-3c23-a002-929ffb66020f
|i 37c99a63-b9aa-37b8-96b6-5ba8311e5954
|t 0
|
| 952 |
f |
f |
|p ric
|a Texas A&M University
|b Rellis Campus
|c Joint Library Facility
|d Remote Storage
|t 0
|e PT7094 .S4
|h Library of Congress classification
|i unmediated -- volume
|k ser. 1
|m A14801360078
|
| 952 |
f |
f |
|p ric
|a Texas A&M University
|b Rellis Campus
|c Joint Library Facility
|d Remote Storage
|t 0
|e PT7094 .S4
|h Library of Congress classification
|i unmediated -- volume
|k ser.2
|m A14801360086
|
| 952 |
f |
f |
|p ric
|a Texas A&M University
|b Rellis Campus
|c Joint Library Facility
|d Remote Storage
|t 0
|e PT7094 .S4
|h Library of Congress classification
|i unmediated -- volume
|k ser.3
|m A14801360094
|
| 998 |
f |
f |
|a PT7094 .S4
|s ser.1-ser.3
|t 0
|l Remote Storage
|